Revista de Criminología, Psiquiatría y Medicina Legal. (Registro nro. 29907)
[ vista simple ]
| 000 -CABECERA | |
|---|---|
| campo de control de longitud fija | 01214nas a2200241 a 4500 |
| 001 - NÚMERO DE CONTROL | |
| campo de control | 29907 |
| 003 - IDENTIFICADOR DE NÚMERO DE CONTROL | |
| campo de control | AR-BaAGN |
| 005 - FECHA Y HORA DE LA ÚLTIMA TRANSACCIÓN | |
| campo de control | 20231102111414.0 |
| 007 - CAMPO FIJO DE DESCRIPCIÓN FÍSICA--INFORMACIÓN GENERAL | |
| campo de control de longitud fija | ta |
| 008 - DATOS DE LONGITUD FIJA--INFORMACIÓN GENERAL | |
| campo de control de longitud fija | 220701s1931 ag |||p|r||||f|||||0spa d |
| 040 ## - FUENTE DE CATALOGACIÓN | |
| Centro catalogador/agencia de origen | AR-BaAGN |
| Lengua de catalogación | español |
| Normas de descripción | aacr |
| 942 ## - ELEMENTOS DE ENTRADA SECUNDARIOS (KOHA) | |
| Tipo de ítem Koha | Revista |
| 110 2# - ENTRADA PRINCIPAL--NOMBRE DE ENTIDAD CORPORATIVA | |
| Nombre de entidad corporativa o nombre de jurisdicción como elemento de entrada | Instituto de Criminología de la Penitenciaría Nacional |
| 245 10 - MENCIÓN DEL TÍTULO | |
| Título | Revista de Criminología, Psiquiatría y Medicina Legal. |
| 260 ## - PUBLICACIÓN, DISTRIBUCIÓN, ETC. | |
| Lugar de publicación, distribución, etc. | Buenos Aires : |
| Nombre del editor, distribuidor, etc. | [editor no identificado], |
| Fecha de publicación, distribución, etc. | 1931. |
| 300 ## - DESCRIPCIÓN FÍSICA | |
| Extensión | [143] páginas : |
| Otras características físicas | láminas |
| 336 ## - TIPO DE CONTENIDO | |
| Fuente | rdacontent |
| Código de tipo de contenido | texto |
| 337 ## - TIPO DE MEDIO | |
| Fuente | rdamedia |
| Código del tipo de medio | no mediado |
| 338 ## - TIPO DE SOPORTE | |
| Fuente | rdacarrier |
| Código del tipo de soporte | volumen |
| 310 ## - PERIODICIDAD ACTUAL | |
| Periodicidad actual | Bimestral |
| 520 ## - RESUMEN, ETC. | |
| Sumario, etc. | El Médico Legista según los maestros. Los delincuentes en la novela picaresca de Cervantes. Locura e inmigración. El crimen sexual. Registro Nacional de Identificación para la Rep. Arg. Cuestiones penales y penitenciarias: Función social del Patronato de liberados. El delincuente por tendencia instintiva en los proyectos del Código Penal Italiano. Proyecto de Registro Nacional de Identificación para la República Argentina. Jurisprudencia: Uxoricidio. Varias: Lord Byron (Estudio de Psicología Patológica). Análisis de libros y revistas |
| Estado de retiro | Estado de pérdida | Estado de daño | Biblioteca actual | Ubicación en estantería | Enumeración/cronología de publicación seriada | Signatura topográfica completa | Código de barras | Tipo de ítem Koha |
|---|---|---|---|---|---|---|---|---|
| Biblioteca del Archivo General de la Nación | Ernesto H. Celesia - Hemeroteca | No. 104, año 18 (mar.-abr. 1931) | EC.h 004-016 Caja 8 | CH4-16-CAJA8 | Revista |
